01007nam a22003015a 450000500170000000800410001702000180005802000150007604000280009108200200011924500580013924600180019724600300021525000130024526000470025830000290030550000240033450400280035852100410038665000440042765000240047165100100049565300210050570000230052694200080054999900170055795201310057420160327113656.0160327s2008 ii a frb 001 0 eng d a9788185790411 a8185790418 aEG-ScBUEbengcEG-ScBUE04a615.19bTEX22200aText book of pharmaceutics /cR. S. Gaud ... [et al.]3 aPharmaceutics3 aTextbook of pharmaceutics a10th ed. aShivaji Nagar : bNirali Prakashan,c2008. a218 p. :bill. ;c24 cm. aIndex : p. 216-218. aBibliography : p. [215] aFor first year Bachelor of pharmacy. 7aPharmaceutical chemistry.2BUEsh930027 7aDrugs.2BUEsh99759 2BUEsh bPPhrmcMarch20161 aGaud, R. S.939671 2ddc c21503d21475 00102ddc40708Scien. H.aMAINbMAINc1STd2016-03-27ePurchaseg65.00h1l0o615.19 TEXp000032157r2025-07-15 00:00:00yBB